000 01219nac a22003371i 4500
003 EG-ScBUE
005 20250720104709.0
008 250709t1992 gw a f b 001 0 eng d
020 _a3540539212
020 _a0387539212
040 _aEG-ScBUE
_beng
_erda
_cEG-ScBUE
_dEG-ScBUE
082 0 4 _a541.22
_bGRA
_222
245 0 0 _aGraphite intercalation compounds II :
_btransport and electronic properties /
_cH. Zabel, S. A. Solin, (eds.) ; with contributions by G. L. Doll [and eleven others]
246 3 0 _aTransport and electronic properties
264 1 _aBerlin :
_bSpringer-Verlag,
_c[1992]
264 4 _cc1992
300 _axiv, 433 pages :
_billustrations ;
_c25 cm.
336 _2rdacontent
_atext
_btxt
337 _aunmediated
_2rdamedia
_bn
338 _avolume
_bnc
_2rdacarrier
490 0 _aSpringer series in materials science ;
_v18
500 _aWith 216 figures.
504 _aIncludes bibliographical references and index.
650 7 _aClathrate compounds.
_2BUEsh
650 7 _aGraphite.
_2BUEsh
655 _vReading book
700 1 _aZabel, H.
_q(Hartmut),
_d1946-
_eeditor.
700 1 _aSolin, S. A.
_q(Stuart A.),
_d1942-
_eeditor.
700 1 _aDoll, G. L.,
_econtributor.
942 _cBB
_2ddc
999 _c9311
_d9311